El son y la salsa en la identidad del Caribe. Memorias del II Congreso Internacional Música, Identidad y Cultura en el Caribe.

保存先:
書誌詳細
その他の著者: Tejeda, Darío (編集者), Yunén, Rafael Emilio (編集者)
フォーマット: 図書
出版事項: Santo Domingo, República Dominicana: Instituto de Estudios Caribeños; Centro León; Secretaría de Estado de Cultura, 2008.
主題:
タグ: タグ追加
タグなし, このレコードへの初めてのタグを付けませんか!

MARC

LEADER 00000nam a22000007a 4500
003 CL-VaPUC
005 20221019110529.0
008 220927t2008 ||||| |||| 00| 0 eng d
999 |c 438986  |d 438984 
020 |a 978-9945-8596-7-6 
040 |c Pontificia Universidad Católica de Valparaíso 
082 0 4 |2 22  |a 784.1888 TEJ 2008 
100 1 |a Tejeda, Darío  |e editor  |9 877180 
245 1 3 |a El son y la salsa en la identidad del Caribe. Memorias del II Congreso Internacional Música, Identidad y Cultura en el Caribe. 
260 |a Santo Domingo, República Dominicana:  |b Instituto de Estudios Caribeños;  |b Centro León;  |b Secretaría de Estado de Cultura,  |c 2008. 
300 |a 588 páginas. 
500 |a c.1. Donación profesora Laura Jordán. Memo Mus 14/09/2022 
583 |c 20220927  |k Catalogador Asistente 
650 1 |a Musica caribeña  |x Son  |x Congresos  |9 877391 
650 1 |a Salsa (baile)  |z El Caribe  |x Congresos  |9 877392 
650 1 |a Música bailable caribeña  |x Congresos  |9 877393 
650 1 |a Música bailable dominicana  |x Congresos  |9 877394 
650 1 |a Música popular caribeña  |x Congresos  |9 877397 
700 |a Yunén, Rafael Emilio  |e editor  |9 877181 
942 |2 ddc  |c BK 
952 |0 0  |1 0  |2 ddc  |4 0  |6 784_188800000000000_TEJ_2008  |7 0  |8 A  |9 586882  |a BIBEDU  |b BIBEDU  |c GEN  |d 2022-09-27  |e Donación  |i 5654839  |l 1  |o 784.1888 TEJ 2008  |p 5654839  |r 2024-06-12  |s 2024-06-12  |t 1  |w 2022-09-27  |y BK  |k MUS